Responses for show #5117 - Tuesday, December 5, 2006

Contestants

[<< previous game]

Evelyn Uyemura, an ESL professor from Torrance, California

Linda Flink, a healthcare consultant from Scottsdale, Arizona

Bob Hutton, a grad student originally from Glade Spring, Virginia (whose 1-day cash winnings total $12,500)

[next game >>]

Jeopardy! Round responses

JON STEWART'S AMERICA
THE GREEN BAY PACKERS
SHELLFISH
SHIPWRECKS
WORLD LEADERS
STATES BY COUNTIES
    $200 12
the Constitution

Bob
    $200 15
Vince Lombardi

Linda
    $200 11
oysters

Bob
    $200 22
(Alex: You don't associate [*] with the Soviet era, I guess.)

cruise ships

Triple Stumper
    $200 6
(Vladimir) Putin

Bob
    $200 1
California

Linda
    $400 13
Franklin Roosevelt

Bob
    $400 16
I & II

Triple Stumper
    $400 20
clams

Evelyn
    $400 23
wood

Bob
    $400 7
Chirac

Bob
    $400 2
Illinois

Evelyn
    $600 14
the Capitol

Linda
    $600 17
the Lambeau leap

Triple Stumper
    $600 21
crayfish

Bob
    $600 24
slaves

Linda
    $600 8
(Linda: Who is Kim Il Jung?)

Kim Jong-il

BobLinda
    $600 3
Oklahoma

Evelyn
    $800 18
the Magna Carta

Evelyn
    $800 27
Brett Favre

Bob
    $800 29
a scallop

Evelyn
    $800 25
(Alex: Hit one of our own [*]. That's bad news.)

mines

Triple Stumper
    $800 9
Musharraf

Evelyn
    $800 4
Arizona

Evelyn
    $1000 19
John Bull

Evelyn
    $1000 28
the Ice Bowl

Bob
    $1000 30
a fiddler crab

Evelyn
    $600 26
(Linda: What is the Black Sea?)
(Alex: No. Aida, Egypt, [*].)

the Red Sea

Linda
    $1000 10
(Linda: Who is Assad?)
(Alex: Be more specific. We need his first name.)
(Linda: Basham?)

Bashar al-Assad

Linda
Triple Stumper
    $1000 5
Texas

Bob

Scores at the first commercial break (after clue 16):

Bob Linda Evelyn
$3,000 -$600 $2,600

Scores at the end of the Jeopardy! Round:

Bob Linda Evelyn
$5,800 -$600 $6,600

Double Jeopardy! Round responses

THE SOUTHERN HEMISPHERE
CAPRA CLASSICS
(Alex: Featuring films from a new box set, which is coming out today, as a matter of fact.)
PUBLISHING
10-LETTER WORDS
OLD "HAT"
A NEW HAT
    $400 3
the Incas

Linda
    $400 7
Mr. Smith Goes to Washington

Linda
    $400 15
hallelujah

Linda
    $400 1
Hatfield

Evelyn
    $400 22
a derby

Bob
    $800 12
(Bob: What is a glacier?)
(Evelyn: What is the International Station?)

Ice Sheet

BobEvelyn
Triple Stumper
    $800 8
(Alex: Yes, and my oh my, how things have changed since those days.)
[Audience laughs]

It Happened One Night

Linda
    $800 19
(Bob: What is prophesy?)

apocalypse

BobEvelyn
    $800 2
The (Mad) Hatter

Bob
    $2,000 11
(Alex: Linda was moving along nicely but she still has a lot less money than you. You're in the lead with $8200.)
(Bob: Yeah. Let's go with $2000.)
...
(Bob: What is Orange Guinea?)
(Alex: No. What is [*]. It was Orange [*].)

Free State

Bob
    $1200 9
Jean Arthur

Linda
    $1200 25
Harper

Bob
    $1200 17
incinerate

Bob
    $1200 4
Cape Hatteras

Linda
    $1200 21
a chef

Linda
    $1600 13
(Bob: What is New Zealand?)

Papua New Guinea

Bob
Triple Stumper
    $1600 10
Lionel Barrymore

Bob
    $1600 18
autonomous

Evelyn
    $1,000 5
(Alex: Linda, although you have $1000, you can risk up to $2000, the value of...)
(Linda: I'm going to make this a True Daily Double for $1000.)
[Audience claps]

Anne Hathway (or Hathaway)

Linda
    $1600 23
felt

Evelyn
    $2000 14
Zambia

Triple Stumper
    $2000 16
a run of the bank

Bob
    $2000 20
meerschaum

Triple Stumper
    $2000 6
(Evelyn: Who is Hateshput?)

Hatshepsut

Evelyn
Triple Stumper
    $2000 24
(Bob: What's a boater?)

Jay Gatsby

Bob
Triple Stumper

Scores at the end of the Double Jeopardy! Round:

Bob Linda Evelyn
$5,800 $6,000 $8,200

[wagering suggestions for these scores]

Final Jeopardy! Round responses

ROYALTY
BobWho is Catherine
$5,799
LindaWho is Marie Antoinette?
$2,201
EvelynWho is Victoria?
$3,801
Marie Antoinette

Final scores:

Bob Linda Evelyn
$1 $8,201 $4,399
3rd place: $1,000 New champion: $8,201 2nd place: $2,000

Game dynamics:

Coryat scores:

Bob Linda Evelyn
$7,800 $7,200 $8,200
17 R,
5 W
(including 1 DD)
12 R
(including 1 DD),
3 W
(including 1 DD)
13 R,
2 W

Combined Coryat: $23,200

The J! Archive is created by fans, for fans. The Jeopardy! game show and all elements thereof, including but not limited to copyright and trademark thereto, are the property of Jeopardy Productions, Inc. and are protected under law. This website is not affiliated with, sponsored by, or operated by Jeopardy Productions, Inc. Join the discussion at JBoard.tv.